000 01359cam a22003857a 4500
003 CHAP
005 20220329142559.0
008 020128d2001 mx a r 00110 spa d
010 _a85234
011 _a86206
035 _a96744
040 _cCHAP
090 _aTesis
100 0 0 _aIslas López, Alberto.
_960599
245 1 0 _aCinética microbiana en la biorremediación de suelo contaminado con gasolina
_c/por Alberto Islas López
260 _aChapingo, Méx. :
_bEl autor,
_c2001.
300 _a81 h. ;
_bilus. ; gráfs. ; cuadros
502 _aTesis (Ing. Agr. Esp. en Suelos) -- UACH. Departamento de Suelos
590 _aALEPH
_b10
_c20130110
_lUCH01
_h1445
590 _aBATCH-UPD
_b10
_c20130110
_lUCH01
_h0735
590 _aBATCH-UPD
_b10
_c20130410
_lUCH01
_h0417
590 _aBATCH-UPD
_b10
_c20130914
_lUCH01
_h1326
590 _aCONVERSION
_b10
_c20130109
_lUCH01
_h1347
650 1 4 _aEstiércol como abono.
_938315
650 1 4 _aHidrocarburos.
_955232
650 1 4 _aHongos en suelos.
_956130
650 1 4 _aSuelos
_xContaminación.
_9110327
650 1 4 _aSuelos
_xMicroorganismos.
_9110437
650 1 4 _aSuelos
_xRecuperación de.
_9110473
901 _aBK
905 _aMayto Villalobos S.
942 _cFOLL
949 _aTesis
_bBC
_cTES
_d33724000858999
_eTS2
_fc.2
_h39078
_i96744
_si
949 _aTesis
_bBC
_cTES
_d967441
_eTS1
_h39077
_i96744
_sb
999 _c85234
_d85234